Tender STV bez Telemeru

Verejná súťaž STV o realizátora peoplemetrov pokračuje už len s tromi hráčmi - TNS, Mediaresearch a AGB Slovensko. Otázky a problémy.

Gespeichert in:
Bibliographische Detailangaben
1. Verfasser: Ťapušíková, Roberta
Format: Buchkapitel
Sprache:Slowakisch
Schlagworte:
Tags: Tag hinzufügen
Keine Tags, Fügen Sie das erste Tag hinzu!

MARC

LEADER 00000naa a2200000 4500
001 r047506
005 20231003075916.9
041 0 |a slo 
044 |a SK 
245 1 0 |a Tender STV bez Telemeru  |c Roberta Ťapušíková 
520 |a Verejná súťaž STV o realizátora peoplemetrov pokračuje už len s tromi hráčmi - TNS, Mediaresearch a AGB Slovensko. Otázky a problémy. 
610 2 0 |a peoplemetre 
610 2 0 |a televízia 
610 2 0 |a Slovensko 
610 2 0 |a súťaž verejná 
100 1 |a Ťapušíková, Roberta